German State Flags - Statistics

General Stats
  • This quiz has been taken 94 times
  • The average score is 11 of 16
Answer Stats
Picture Answer % Correct
Berlin
90%
Bavaria
86%
Hamburg
81%
Brandenburg
76%
Bremen
71%
Lower Saxony
71%
Saxony
69%
Baden-Württemberg
67%
Mecklenburg-Vorpommern
67%
North Rhine-Westphalia
67%
Rhineland-Palatinate
67%
Schleswig-Holstein
67%
Hesse
64%
Saxony-Anhalt
64%
Saarland
60%
Thuringia
60%
No matching quizzes found
Score Distribution
Percent of People with Each Score
Percentile by Number Answered
Your Score History
You have not taken this quiz